Growing up female in America : (Record no. 1173)

MARC details
000 -LEADER
fixed length control field 01031pam a2200289 a 4500
005 - DATE AND TIME OF LATEST TRANSACTION
control field 20260322212050.0
008 - FIXED-LENGTH DATA ELEMENTS--GENERAL INFORMATION
fixed length control field data
010 ## - LIBRARY OF CONGRESS CONTROL NUMBER
LC control number 86026473
020 ## - INTERNATIONAL STANDARD BOOK NUMBER
International Standard Book Number 0807070092 :
Terms of availability {dollar}9.95
020 ## - INTERNATIONAL STANDARD BOOK NUMBER
International Standard Book Number 9780807070093 :
Terms of availability {dollar}9.95
040 ## - CATALOGING SOURCE
Original cataloging agency DLC
Transcribing agency DLC
Modifying agency DLC
043 ## - GEOGRAPHIC AREA CODE
Geographic area code n-us---
050 00 - LIBRARY OF CONGRESS CALL NUMBER
Classification number HQ1412
Item number .G76 1987
082 00 - DEWEY DECIMAL CLASSIFICATION NUMBER
Classification number 920.72/0973
Edition information 19
092 ## - LOCALLY ASSIGNED DEWEY CALL NUMBER (OCLC)
Classification number 920.72 G76 1987
001 - CONTROL NUMBER
control field data
245 00 - TITLE STATEMENT
Title Growing up female in America :
Remainder of title ten lives /
Statement of responsibility, etc. edited by Eve Merriam.
260 ## - PUBLICATION, DISTRIBUTION, ETC.
Place of publication, distribution, etc. Boston :
Name of publisher, distributor, etc. Beacon Press,
Date of publication, distribution, etc. 1987, c1971.
300 ## - PHYSICAL DESCRIPTION
Extent 308 p., [16] p. of plates :
Other physical details ill., ports. ;
Dimensions 22 cm.
490 0# - SERIES STATEMENT
Series statement Beacon paperback ;
Volume/sequential designation 737
500 ## - GENERAL NOTE
General note Reprint. Originally published: Garden City, N.Y. : Doubleday, 1971.
650 #0 - SUBJECT ADDED ENTRY--TOPICAL TERM
Topical term or geographic name entry element Women social reformers
Geographic subdivision United States
General subdivision Biography.
650 #0 - SUBJECT ADDED ENTRY--TOPICAL TERM
Topical term or geographic name entry element Women
Geographic subdivision United States
General subdivision Biography.
650 #0 - SUBJECT ADDED ENTRY--TOPICAL TERM
Topical term or geographic name entry element Women
Geographic subdivision United States
General subdivision Social conditions.
700 1# - ADDED ENTRY--PERSONAL NAME
Personal name Merriam, Eve,
Dates associated with a name 1916-1992.
856 42 - ELECTRONIC LOCATION AND ACCESS
Materials specified Publisher description
Uniform Resource Identifier <a href="http://www.loc.gov/catdir/enhancements/fy1107/86026473-d.html">http://www.loc.gov/catdir/enhancements/fy1107/86026473-d.html</a>
Holdings
Withdrawn status Lost status Damaged status Not for loan Home library Current library Shelving location Date acquired Total checkouts Full call number Barcode Date last seen Price effective from Koha item type
        Springfield Springfield General stacks 22/03/2026   920.72/0973 19 BC0011211 22/03/2026 22/03/2026 Books